[Event "Titled Tue 27th May Late"]
[Site "chess.com INT"]
[Date "2025.05.27"]
[Round "10"]
[White "Moroni, Luca Jr"]
[Black "Aliyev, Elnur"]
[Result "1-0"]
[WhiteTitle "GM"]
[BlackTitle "CM"]
[WhiteElo "2546"]
[BlackElo "2155"]
[WhiteFideId "865834"]
[BlackFideId "13402617"]
[EventDate "2025.05.27"]

1. e4 e6 2. d4 d5 3. Nc3 a6 4. exd5 exd5 5. Bd3 c5 6. dxc5 Bxc5 7. Nf3 Nf6 8.
Qe2+ Be6 9. Ng5 Qe7 10. O-O Nc6 11. Nxe6 fxe6 12. Bg5 O-O-O 13. Bxa6 bxa6 14.
Qxa6+ Qb7 15. Qe2 Rhe8 16. b4 Bd4 17. Nb5 Bxa1 18. Rxa1 e5 19. a4 Nd4 20. Qd3
Nxb5 21. axb5 Ne4 22. Bxd8 Rxd8 23. Ra6 Rd6 24. Rxd6 Nxd6 25. Qxh7 Qxb5 26. Qh8+
Qe8 27. Qxg7 Nf7 28. h4 Qe6 29. h5 e4 30. Qg6 Qxg6 31. hxg6 Nh6 32. f3 exf3 33.
gxf3 Kc7 34. Kf2 Kc6 35. Ke3 Kb5 36. Kd4 Kxb4 37. Kxd5 Kc3 38. Ke5 Kxc2 39. f4
Kd3 40. f5 Ng4+ 41. Ke6 Ke4 42. f6 Kf4 43. f7 Kg5 44. f8=Q Kxg6 45. Qf5+ Kh6 46.
Qxg4 1-0

[Event "Titled Tue 27th May Late"]
[Site "chess.com INT"]
[Date "2025.05.27"]
[Round "10"]
[White "Naroditsky, Daniel"]
[Black "Sjugirov, Sanan"]
[Result "0-1"]
[WhiteTitle "GM"]
[BlackTitle "GM"]
[WhiteElo "2619"]
[BlackElo "2638"]
[WhiteFideId "2026961"]
[BlackFideId "4189302"]
[EventDate "2025.05.27"]

1. e4 e6 2. d4 d5 3. Nd2 c5 4. Ngf3 Nf6 5. e5 Nfd7 6. c3 Nc6 7. Bd3 Qb6 8. O-O
a5 9. c4 cxd4 10. cxd5 exd5 11. Re1 Nc5 12. Bf1 Be7 13. Nb3 Nxb3 14. axb3 Bf5
15. Ng5 O-O 16. Bd3 Bxd3 17. Qxd3 Bxg5 18. Bxg5 Nb4 19. Qd2 Rfe8 20. Rad1 Qg6
21. Bf4 Rac8 22. Bg3 d3 23. Qf4 h6 24. h4 Rc2 25. Qd4 b6 26. Re3 Rc6 27. Rf3
Rec8 28. Kh2 Qe4 29. Rf4 Qxd4 30. Rxd4 Rc2 31. Rg4 h5 32. Rg5 Rc1 33. Rxc1 Rxc1
34. e6 fxe6 35. Bf4 Rc2 36. Be5 d2 37. Rxg7+ Kf8 38. Rh7 d1=Q 39. f3 Qxf3 40.
Rh8+ Ke7 41. Rh7+ Ke8 42. Rh8+ Kd7 43. Rg8 Qf5 44. Rg7+ Kc6 45. Bf4 Qxf4+ 46.
Kh3 Qf5+ 47. Kh2 Kb5 48. Rg3 Nd3 49. Rf3 Qxf3 50. Kg1 Qxg2# 0-1

[Event "Titled Tue 27th May Late"]
[Site "chess.com INT"]
[Date "2025.05.27"]
[Round "10"]
[White "Marchesich, Giovanni"]
[Black "Chernobay, Artem"]
[Result "1-0"]
[WhiteTitle "CM"]
[BlackTitle "GM"]
[WhiteElo "2219"]
[BlackElo "2454"]
[WhiteFideId "2824790"]
[BlackFideId "4167406"]
[EventDate "2025.05.27"]

1. d4 Nf6 2. Nc3 d5 3. Bf4 e6 4. e3 a6 5. g4 Bb4 6. a3 Bxc3+ 7. bxc3 c5 8. Bd3
Qa5 9. dxc5 Qxc3+ 10. Kf1 e5 11. Ne2 Qxc5 12. Bxe5 Bxg4 13. Rg1 Nbd7 14. Bd4 Qd6
15. Rg3 O-O 16. h3 Bh5 17. Qd2 Ne5 18. Nf4 Nf3 19. Qc3 Nxd4 20. Qxd4 Bg6 21. Rd1
Rfe8 22. h4 Qe5 23. Bxg6 hxg6 24. Nxd5 Ne4 25. Rg4 Rac8 26. Qxe5 Rxe5 27. Rd4 f5
28. Rxg6 Rxc2 29. f4 Re8 30. h5 Kh7 31. Nb4 Rc7 32. Rb6 Nf6 33. Kf2 Ng4+ 34. Kg3
Rxe3+ 35. Kh4 Nh6 36. Nd5 Rce7 37. Nxe7 Rxe7 38. Rdb4 Re3 39. Rxb7 Rxa3 40. Ra7
a5 41. Rbb7 Ng4 42. Rxg7+ Kh8 43. Rgb7 1-0

[Event "Titled Tue 27th May Late"]
[Site "chess.com INT"]
[Date "2025.05.27"]
[Round "10"]
[White "Reprintsev, Alexander"]
[Black "Brozynski, Patryk"]
[Result "0-1"]
[WhiteTitle "IM"]
[BlackTitle "CM"]
[WhiteElo "2256"]
[BlackElo "2219"]
[WhiteFideId "14100541"]
[BlackFideId "2512700"]
[EventDate "2025.05.27"]

1. e4 c6 2. Nf3 d5 3. e5 Bg4 4. Be2 e6 5. O-O Nd7 6. Re1 Ne7 7. h3 Bxf3 8. Bxf3
Nf5 9. g3 Be7 10. Bg2 c5 11. Nc3 a6 12. d3 Kf8 13. a4 Rc8 14. b3 h5 15. h4 Nd4
16. Ne2 Qc7 17. Bf4 b6 18. c4 dxc4 19. Nxd4 cxd4 20. dxc4 Nc5 21. b4 Nd7 22. b5
axb5 23. cxb5 Nc5 24. Bc6 g6 25. Rc1 Kg7 26. Rc4 d3 27. Be3 Rhd8 28. f4 Qa7 29.
Kh2 Qa5 30. Bd2 Qa7 31. Qf3 Nb3 32. Be3 d2 33. Rd1 Rd3 34. Qe2 Rcd8 35. Rc2 Nd4
36. Bxd4 R8xd4 37. Rcxd2 Rxd2 38. Rxd2 Qxa4 39. Ra2 Qb3 40. Kh3 Rd3 41. Qg2 Bc5
42. Re2 Qb4 43. Be8 Qxf4 44. Ra2 Rc3 45. Ra7 Qf5+ 46. Kh2 Rc2 0-1

[Event "Titled Tue 27th May Late"]
[Site "chess.com INT"]
[Date "2025.05.27"]
[Round "10"]
[White "Bortnyk, Olexandr"]
[Black "Shirov, Alexei"]
[Result "1-0"]
[WhiteTitle "GM"]
[BlackTitle "GM"]
[WhiteElo "2601"]
[BlackElo "2620"]
[WhiteFideId "14120828"]
[BlackFideId "2209390"]
[EventDate "2025.05.27"]

1. d4 d5 2. Nc3 Nf6 3. Bf4 c5 4. e4 cxd4 5. Qxd4 Nc6 6. Bb5 Bd7 7. Bxc6 Bxc6 8.
e5 Nd7 9. e6 fxe6 10. Nf3 Qb6 11. Qd2 g6 12. O-O-O Bg7 13. Rhe1 O-O 14. Bh6 Rf6
15. Bxg7 Kxg7 16. Re3 Nc5 17. Ne5 Ne4 18. Nxe4 dxe4 19. Ng4 Bd5 20. Rh3 Rh8 21.
Qh6+ Kf7 22. Nxf6 exf6 23. c4 Qc5 24. Rc3 Bc6 25. Qf4 e5 26. Qe3 Qxe3+ 27. fxe3
Ke6 28. b4 a6 29. Kb2 f5 30. Kb3 f4 31. a4 b6 32. b5 Bb7 33. bxa6 Bxa6 34. Kb4
f3 35. gxf3 exf3 36. e4 Rf8 37. Rf1 f2 38. Rc2 Rf4 39. Rcxf2 g5 40. Rxf4 exf4
41. Rg1 h6 42. h4 Kf6 43. hxg5+ hxg5 44. Kc3 1-0

[Event "Titled Tue 27th May Late"]
[Site "chess.com INT"]
[Date "2025.05.27"]
[Round "10"]
[White "Dambaev, Dashi"]
[Black "Papadopoulos, Georgios3"]
[Result "0-1"]
[WhiteTitle "CM"]
[BlackTitle "FM"]
[WhiteElo "2211"]
[BlackElo "2363"]
[WhiteFideId "55628494"]
[BlackFideId "4210271"]
[EventDate "2025.05.27"]

1. d4 Nf6 2. c4 g6 3. g3 Bg7 4. Bg2 O-O 5. Nc3 d6 6. Nf3 Nc6 7. O-O a6 8. d5 Na5
9. Nd2 c5 10. Qc2 Bf5 11. e4 Bd7 12. b3 b5 13. Bb2 Rb8 14. Rab1 e5 15. Nd1 Bh6
16. f4 exf4 17. gxf4 Nh5 18. Qc3 f6 19. f5 bxc4 20. Nxc4 Nxc4 21. bxc4 Bf4 22.
Nf2 Be5 23. Qc2 Qe7 24. Nd3 g5 25. Bxe5 fxe5 26. Rxb8 Rxb8 27. Rb1 Qd8 28. Rb2
Nf4 29. Bf1 Nxd3 30. Bxd3 Kg7 31. Qb1 Rxb2 32. Qxb2 Qa5 33. Qb7 Qd8 34. Qxa6 Qb8
35. Be2 Kh6 36. Kf2 Qb2 37. Qxd6+ Kg7 38. Qxd7+ Kg8 39. Qe6+ Kg7 40. Qxe5+ Qxe5 0-1

[Event "Titled Tue 27th May Late"]
[Site "chess.com INT"]
[Date "2025.05.27"]
[Round "10"]
[White "Kosakowski, Jakub"]
[Black "Puzyrevsky, Semyon"]
[Result "0-1"]
[WhiteTitle "GM"]
[BlackTitle "FM"]
[WhiteElo "2530"]
[BlackElo "2253"]
[WhiteFideId "1185080"]
[BlackFideId "24240931"]
[EventDate "2025.05.27"]

1. e4 c5 2. Nf3 d6 3. Bb5+ Bd7 4. Bxd7+ Qxd7 5. c4 Nc6 6. d4 cxd4 7. Nxd4 Nf6 8.
Nc3 g6 9. f3 Nxd4 10. Qxd4 Bg7 11. Be3 O-O 12. Qd3 a6 13. O-O Rfc8 14. Rac1 Qe6
15. b3 Nd7 16. Nd5 Rc6 17. Bg5 Re8 18. Rfd1 h6 19. Bh4 g5 20. Bf2 Qg6 21. Ne3 e6
22. Qd2 Ne5 23. Kh1 Rec8 24. Nc2 Bf8 25. Nb4 R6c7 26. Bb6 Rd7 27. Qe2 Qf6 28.
Bd4 Qf4 29. Rc2 g4 30. Bxe5 Qxe5 31. fxg4 d5 32. cxd5 Rxc2 33. Nxc2 exd5 34. h3
Bd6 35. Kg1 dxe4 36. Ne3 Qh2+ 37. Kf1 Bg3 38. Qc2 Rxd1+ 39. Qxd1 Bd6 40. Qd5
Qf4+ 41. Ke2 Bc7 42. Nf5 Bb6 43. Qxb7 Qf2+ 44. Kd1 e3 45. Qc8+ Kh7 46. Qc2 Qf1# 0-1

[Event "Titled Tue 27th May Late"]
[Site "chess.com INT"]
[Date "2025.05.27"]
[Round "10"]
[White "Yevchenko, Oleksandr"]
[Black "Zhou, Abigail"]
[Result "1-0"]
[WhiteTitle "CM"]
[BlackTitle "WCM"]
[WhiteElo "2276"]
[BlackElo "1744"]
[WhiteFideId "14108267"]
[BlackFideId "39922081"]
[EventDate "2025.05.27"]

1. c4 e6 2. e4 d5 3. exd5 exd5 4. cxd5 Nf6 5. Nc3 Nxd5 6. Bc4 Nb6 7. Bb3 Nc6 8.
Nge2 Bc5 9. O-O O-O 10. Ne4 Be7 11. d4 Bg4 12. f3 Bf5 13. Be3 Nb4 14. N2g3 Bg6
15. Nc5 N4d5 16. Bf2 Rb8 17. Re1 Re8 18. Nge4 c6 19. Bg3 Nc7 20. Qd2 Nbd5 21.
Rad1 b6 22. Nd3 Bf6 23. Nxf6+ Qxf6 24. Ne5 Rbd8 25. Rc1 c5 26. Nxg6 hxg6 27. Be5
Qc6 28. dxc5 bxc5 29. Bxc7 Nxc7 30. Rxe8+ Rxe8 31. Qf4 Ne6 32. Qc4 Rf8 33. Qd5
Qxd5 34. Bxd5 Rc8 35. b4 c4 36. Rxc4 Rxc4 37. Bxc4 Nc7 38. Kf2 Kf8 39. Ke3 f6
40. Kd4 Ke7 41. a4 Kd7 42. b5 Kd6 43. a5 f5 44. b6 1-0

[Event "Titled Tue 27th May Late"]
[Site "chess.com INT"]
[Date "2025.05.27"]
[Round "10"]
[White "Medina Paz, Miguel"]
[Black "Zilberstein, Dmitry"]
[Result "1/2-1/2"]
[WhiteTitle "IM"]
[BlackTitle "IM"]
[WhiteElo "2368"]
[BlackElo "2358"]
[WhiteFideId "7300379"]
[BlackFideId "2010739"]
[EventDate "2025.05.27"]

1. d4 d6 2. c4 e5 3. dxe5 dxe5 4. Qxd8+ Kxd8 5. Nc3 Be6 6. Nf3 f6 7. e4 c6 8.
Be3 Kc7 9. O-O-O Nd7 10. Be2 Bb4 11. Rd3 Nc5 12. Bxc5 Bxc5 13. b3 Bxf2 14. Rhd1
Ne7 15. Nd5+ cxd5 16. cxd5 Nxd5 17. exd5 Bf5 18. Rc3+ Kb6 19. Nd2 a6 20. Nc4+
Ka7 21. Nd6 Bg6 22. Rc7 Rab8 23. Kb2 Bd4+ 24. Ka3 Rhd8 25. Nc4 Rxd5 26. Rxg7
Rbd8 27. b4 Kb8 28. h4 R8d7 29. Rg8+ Ka7 30. h5 Bf5 31. h6 Bf2 32. Rxd5 Rxd5 33.
Rg7 Bb6 34. Re7 Bd8 35. Re8 Bg6 36. Rh8 Be7 37. Kb3 Rd4 38. Rc8 b5 39. Rc7+ Kb8
40. Rxe7 bxc4+ 41. Bxc4 Bc2+ 42. Kc3 Bg6 43. Bxa6 Rh4 44. Bd3 Rxh6 45. Bxg6 Rxg6
46. Rxh7 Rxg2 47. Rf7 Rf2 48. a4 e4 49. Kd4 Rb2 50. Kxe4 Rxb4+ 51. Kf5 Rxa4 52.
Kxf6 Ra6+ 1/2-1/2

[Event "Titled Tue 27th May Late"]
[Site "chess.com INT"]
[Date "2025.05.27"]
[Round "10"]
[White "Dudzinski, Pawel"]
[Black "George, Kevin"]
[Result "1-0"]
[WhiteTitle "FM"]
[BlackTitle "IM"]
[WhiteElo "2191"]
[BlackElo "2301"]
[WhiteFideId "1117890"]
[BlackFideId "10669515"]
[EventDate "2025.05.27"]

1. e4 c5 2. c4 Nc6 3. Nc3 g6 4. g3 Bg7 5. Bg2 e6 6. Nge2 Nge7 7. Rb1 O-O 8. O-O
a6 9. a3 d6 10. b4 Nd4 11. Nxd4 cxd4 12. Ne2 b5 13. e5 d5 14. cxb5 Bxe5 15. bxa6
Bxa6 16. f4 d3 17. Nc3 Bd4+ 18. Kh1 Rc8 19. b5 Bb7 20. Bb2 e5 21. fxe5 Bxe5 22.
Qf3 Rc7 23. Qxd3 d4 24. Ne4 f5 25. Ng5 Bd5 26. Bxd5+ Qxd5+ 27. Qf3 Qa2 28. Rfe1
h6 29. Ne6 Qxe6 30. Bxd4 f4 31. Bxe5 fxg3 32. Bxc7 Qd7 33. Qxg3 Kh7 34. Bf4 Nf5
35. Qg2 Nh4 36. Qe4 Rf7 37. b6 Qh3 38. Rf1 Qg4 39. b7 Nf5 40. b8=Q Ng3+ 41. Bxg3
Qxe4+ 42. Kg1 Rxf1+ 43. Rxf1 Qe7 44. Qc7 Qxc7 45. Bxc7 1-0

[Event "Titled Tue 27th May Late"]
[Site "chess.com INT"]
[Date "2025.05.27"]
[Round "10"]
[White "Hiermann, Dietmar"]
[Black "Fomevor, Cephas Clinton"]
[Result "1-0"]
[WhiteTitle "FM"]
[BlackTitle "CM"]
[WhiteElo "2216"]
[BlackElo "1883"]
[WhiteFideId "1602918"]
[BlackFideId "12601330"]
[EventDate "2025.05.27"]

1. e4 c6 2. d4 d5 3. e5 c5 4. Nf3 Nc6 5. dxc5 Bg4 6. c3 e6 7. Be3 Bxf3 8. Qxf3
Nxe5 9. Bb5+ Nc6 10. O-O Nf6 11. b4 Be7 12. Nd2 O-O 13. Rfe1 Rc8 14. Nb3 b6 15.
cxb6 axb6 16. Ba6 Rb8 17. Bf4 Bd6 18. a4 Qc7 19. Bxd6 Qxd6 20. Rad1 Qc7 21. Nd4
Nxd4 22. Rxd4 Ne4 23. c4 Nf6 24. Rc1 dxc4 25. Rdxc4 Qe5 26. g3 Rfd8 27. Rc7 Qb2
28. Qc3 Qa2 29. Bb5 Qd5 30. Bc6 Qd6 31. Bf3 Nd5 32. Bxd5 Qxd5 33. a5 bxa5 34.
bxa5 h6 35. a6 Ra8 36. a7 Qb5 37. Qf3 Rf8 38. Rxf7 Rfe8 39. Rfc7 Qg5 40. Qf7+
Kh8 41. Rd1 1-0

[Event "Titled Tue 27th May Late"]
[Site "chess.com INT"]
[Date "2025.05.27"]
[Round "10"]
[White "Becking, Stephan"]
[Black "Dominguez, Ramiro"]
[Result "0-1"]
[WhiteTitle "IM"]
[BlackTitle "FM"]
[WhiteElo "2410"]
[BlackElo "2185"]
[WhiteFideId "4632478"]
[BlackFideId "4420055"]
[EventDate "2025.05.27"]

1. d4 Nf6 2. Nf3 e6 3. c3 d5 4. Bf4 c5 5. e3 Nc6 6. Nbd2 Bd6 7. Bg3 O-O 8. Bd3
b6 9. Qe2 Bb7 10. Ne5 Qc7 11. f4 Rfe8 12. O-O a6 13. a3 b5 14. b4 c4 15. Bc2 a5
16. e4 axb4 17. axb4 Bxb4 18. Nxc6 Rxa1 19. Nxb4 Rxf1+ 20. Kxf1 Qa5 21. Bh4 Qa1+
22. Be1 Qxc3 23. Nf3 Qa1 24. e5 Ne4 25. Ng5 Nxg5 26. fxg5 g6 27. Qe3 Ra8 28. h4
Ra3 29. Qf2 Qc1 30. Kg1 Ra1 31. Kf1 Qb2 32. h5 Qxb4 33. h6 Rxe1+ 34. Qxe1 Qxe1+
35. Kxe1 b4 36. Kd2 Kf8 37. Ba4 Ke7 38. g3 Bc8 39. Bb5 Bd7 40. Ba6 Ba4 41. Kc1
c3 42. Bd3 b3 43. g4 Bd7 44. Kb1 Ba4 45. Kc1 Kd7 46. Kb1 Kc6 47. Kc1 Kb6 48. Bc2
b2+ 49. Kb1 Bxc2+ 50. Kxc2 Ka5 51. Kb1 Kb4 52. Kc2 Kc4 0-1

[Event "Titled Tue 27th May Late"]
[Site "chess.com INT"]
[Date "2025.05.27"]
[Round "10"]
[White "Suleymanli, Suleyman"]
[Black "Galchenko, Matvey"]
[Result "0-1"]
[WhiteTitle "FM"]
[BlackTitle "IM"]
[WhiteElo "2322"]
[BlackElo "2442"]
[WhiteFideId "13416375"]
[BlackFideId "24175480"]
[EventDate "2025.05.27"]

1. Nf3 c5 2. c4 g6 3. Nc3 Bg7 4. e3 Nf6 5. d4 O-O 6. a3 cxd4 7. exd4 d5 8. Bg5
Ne4 9. cxd5 Nxg5 10. Nxg5 e6 11. Nf3 exd5 12. Be2 Nc6 13. O-O Bf5 14. Qb3 Re8
15. Rfe1 Nxd4 16. Nxd4 Bxd4 17. Nxd5 Qh4 18. Qg3 Qxg3 19. hxg3 Rad8 20. Nc3 Bf6
21. Bf3 Rxe1+ 22. Rxe1 Rd2 23. g4 Bd3 24. Rd1 Rxd1+ 25. Nxd1 b6 26. Bd5 Kf8 27.
f3 Bd4+ 28. Kh2 Ke7 29. Kg3 f6 30. f4 Kd6 31. Bg8 h6 32. b3 Bc2 33. Nf2 Bb2 34.
a4 Kc5 35. Kf3 Kb4 36. Bf7 g5 37. fxg5 fxg5 38. Ke3 Bxb3 39. Nd3+ Ka3 40. Bxb3
Kxb3 41. Ke4 Bc3 42. a5 bxa5 43. Nc5+ Kb4 44. Nd3+ Kc4 45. Nc1 a4 46. Kf5 a3 47.
Kg6 Bb2 48. Na2 Kb3 49. Kxh6 Kxa2 0-1

[Event "Titled Tue 27th May Late"]
[Site "chess.com INT"]
[Date "2025.05.27"]
[Round "10"]
[White "Goltsev, Dmitry"]
[Black "Caruana, Fabiano"]
[Result "1/2-1/2"]
[WhiteTitle "FM"]
[BlackTitle "GM"]
[WhiteElo "2183"]
[BlackElo "2776"]
[WhiteFideId "24176710"]
[BlackFideId "2020009"]
[EventDate "2025.05.27"]

1. d4 Nf6 2. Nc3 d5 3. Bf4 Bf5 4. e3 e6 5. Nf3 Bd6 6. Ne5 h6 7. Bd3 Bxd3 8. Nxd3
Nbd7 9. O-O O-O 10. Qf3 Qe7 11. a3 c5 12. Nb5 Bxf4 13. Qxf4 a6 14. Nc3 Rac8 15.
Rae1 b5 16. dxc5 Nxc5 17. Nxc5 Rxc5 18. Re2 Rfc8 19. Rd1 Rc4 20. Qe5 Qc7 21.
Qxc7 R8xc7 22. f3 g5 23. Rd4 Rxd4 24. exd4 Ne8 25. Nd1 Nd6 26. Ne3 a5 27. c3 Kg7
28. Kf2 h5 29. Ke1 h4 30. g3 h3 31. Ng4 Rc8 32. Nf2 Rh8 33. b3 a4 34. bxa4 bxa4
35. Rb2 Nc4 36. Rb4 Ra8 37. Nxh3 Nxa3 38. Kd2 Nc4+ 39. Kc2 a3 40. Kb1 Rh8 41.
Nxg5 Rxh2 42. Rb7 Kf6 43. f4 Nd6 44. Ra7 Nb5 45. Rxf7+ Kg6 46. Re7 Nxc3+ 47. Kc1
a2 48. Rxe6+ Kf5 49. Ra6 Rh1+ 50. Kb2 Rb1+ 51. Kxc3 a1=Q+ 52. Rxa1 Rxa1 53. Kb4
Rc1 54. Kb5 Rc3 55. Kb6 Rc4 56. Nf3 Rc3 57. Ng5 Rc1 58. Kb5 Rc4 59. Nf3 Rc1 60.
Ng5 1/2-1/2

[Event "Titled Tue 27th May Late"]
[Site "chess.com INT"]
[Date "2025.05.27"]
[Round "10"]
[White "Martinez Alcantara, Jose Eduardo"]
[Black "Lazavik, Denis"]
[Result "1/2-1/2"]
[WhiteTitle "GM"]
[BlackTitle "GM"]
[WhiteElo "2611"]
[BlackElo "2577"]
[WhiteFideId "3805662"]
[BlackFideId "13515110"]
[EventDate "2025.05.27"]

1. c4 e5 2. g3 Nf6 3. Bg2 h6 4. d3 Bb4+ 5. Bd2 Bxd2+ 6. Qxd2 O-O 7. Nc3 Re8 8.
Nf3 c6 9. e4 d5 10. h3 dxe4 11. dxe4 Qxd2+ 12. Kxd2 a5 13. Ne1 Be6 14. b3 Na6
15. Nd3 Nd7 16. Ke3 Nac5 17. Rhd1 Nxd3 18. Rxd3 Nc5 19. Rd2 Red8 20. Rad1 Rxd2
21. Rxd2 Kf8 22. Bf1 Ke7 23. f4 f6 24. h4 Rg8 25. h5 Rd8 26. Rxd8 Kxd8 27. Be2
Ke7 28. Bd1 Kd6 29. a3 Na6 30. Bc2 Bf7 31. Bd1 Nc7 32. Be2 Ke7 33. Bd1 Ne6 34.
b4 Nd4 35. c5 axb4 36. axb4 Bc4 37. Nb1 Kd8 38. Nd2 Bf7 39. Kd3 Kc7 40. Nf3 Nxf3
41. Bxf3 b6 42. Kc3 Kb7 43. Be2 Be8 44. Kb2 Kc7 45. Kc3 Bf7 46. Kd2 Be6 47. Ke3
Bf7 48. Kd2 b5 49. Ke3 Kd7 50. f5 Ke7 51. g4 Be8 52. Kd2 Bd7 53. Kc3 Be8 54. Bd3
Bd7 55. Bc2 Be8 56. Bd3 Bd7 57. Bc2 Be8 58. Bd3 1/2-1/2

[Event "Titled Tue 27th May Late"]
[Site "chess.com INT"]
[Date "2025.05.27"]
[Round "10"]
[White "Tarnowska, Aleksandra"]
[Black "Fernandes, Rogerio Paulo Muller"]
[Result "0-1"]
[WhiteTitle "WCM"]
[WhiteElo "1882"]
[BlackElo "2241"]
[WhiteFideId "1180967"]
[BlackFideId "2101599"]
[EventDate "2025.05.27"]

1. e4 e6 2. d4 d5 3. Nd2 c5 4. exd5 Qxd5 5. Ngf3 cxd4 6. Nb3 Nc6 7. Nbxd4 Nxd4
8. Qxd4 Qxd4 9. Nxd4 Bd7 10. Bb5 Nf6 11. Bg5 O-O-O 12. O-O-O a6 13. Bxd7+ Rxd7
14. Nf3 Bd6 15. Kb1 Rhd8 16. Bxf6 gxf6 17. a3 Bc5 18. Rxd7 Rxd7 19. Rf1 Kc7 20.
c3 Kc6 21. Kc2 b5 22. b4 Bb6 23. Nd2 f5 24. c4 Bc7 25. cxb5+ axb5 26. Nb3 Bb6
27. f3 f6 28. h3 f4 29. Rd1 Rg7 30. Rd2 e5 31. Nc1 f5 32. Kb3 e4 33. a4 bxa4+
34. Kxa4 Be3 35. Rc2+ Kb6 36. Nb3 exf3 37. gxf3 Rg3 38. Na5 Rxf3 39. Rc6+ Ka7
40. Rc7+ Kb8 41. Rb7+ Kc8 42. b5 Rxh3 43. Rf7 Rh1 44. b6 Bxb6 45. Rxf5 Ra1+ 46.
Kb3 Rxa5 47. Rxf4 h5 48. Rf8+ Kd7 49. Rh8 Rg5 50. Rh7+ Kc6 51. Kc4 Bf2 52. Rh6+
Kd7 53. Kd3 h4 54. Ke2 Rf5 55. Rh7+ Ke6 56. Rh6+ Ke5 57. Kd3 Bg3 58. Ke3 Rf6 59.
Rh5+ Ke6 60. Ke2 Kf7 61. Ke3 Kg6 62. Rh8 Rf7 63. Ke4 Rh7 64. Rg8+ Kh5 65. Kf3
Rf7+ 66. Kg2 Rf2+ 67. Kg1 Rb2 68. Kh1 Bf4 69. Rh8+ Kg4 0-1

[Event "Titled Tue 27th May Late"]
[Site "chess.com INT"]
[Date "2025.05.27"]
[Round "10"]
[White "Andrade, Ivan"]
[Black "Arya G Mallar"]
[Result "1-0"]
[WhiteTitle "FM"]
[BlackTitle "WCM"]
[WhiteElo "2161"]
[BlackElo "2014"]
[WhiteFideId "14800039"]
[BlackFideId "25115324"]
[EventDate "2025.05.27"]

1. e4 c5 2. Nf3 d6 3. d4 cxd4 4. Nxd4 Nf6 5. Nc3 g6 6. Be3 Bg7 7. f3 O-O 8. Qd2
Nc6 9. Bc4 Nxd4 10. Bxd4 Be6 11. Be2 Qa5 12. O-O Qb4 13. Rfd1 Rac8 14. a3 Qa5
15. Nd5 Qd8 16. Nxf6+ exf6 17. Bxa7 Rc6 18. Bd4 Qc7 19. c3 Qa5 20. Qf4 f5 21.
Bxg7 Kxg7 22. exf5 Bxf5 23. Rxd6 Re8 24. Qd4+ Kg8 25. Bf1 Qc7 26. Rxc6 Qxc6 27.
Rd1 h5 28. c4 Rc8 29. b4 Qa4 30. Ra1 Qc2 31. c5 Qa4 32. Qe3 Re8 33. Qc3 Rc8 34.
Rc1 Bd7 35. Bc4 Qc6 36. Qd4 Qc7 37. Qe4 Kg7 38. Qd4+ Kg8 39. Rd1 Bf5 40. Qd6 b6
41. Qxc7 Rxc7 42. cxb6 Rb7 43. Rd6 Kg7 44. Ba6 Rb8 45. b7 Be6 46. Rc6 Kf6 47.
Rc8 Bxc8 48. bxc8=Q Rxc8 49. Bxc8 Ke7 1-0

[Event "Titled Tue 27th May Late"]
[Site "chess.com INT"]
[Date "2025.05.27"]
[Round "10"]
[White "Barseghyan, Armen Ar."]
[Black "Adewumi, Tanitoluwa"]
[Result "1-0"]
[WhiteTitle "IM"]
[BlackTitle "FM"]
[WhiteElo "2348"]
[BlackElo "2376"]
[WhiteFideId "13306707"]
[BlackFideId "30966396"]
[EventDate "2025.05.27"]

1. d4 Nf6 2. c4 g6 3. Nf3 Bg7 4. Nc3 O-O 5. e4 d6 6. Be2 e5 7. O-O Nc6 8. dxe5
Nxe5 9. Bf4 Nxf3+ 10. Bxf3 Be6 11. Be2 Re8 12. Qc2 Nd7 13. Rad1 a5 14. Be3 Ne5
15. b3 f5 16. exf5 Bxf5 17. Qc1 Qe7 18. Nd5 Qf7 19. Bd4 Rad8 20. Qb2 Be4 21. Ne3
b6 22. f4 Nc6 23. Bxg7 Qxg7 24. Qxg7+ Kxg7 25. Kf2 Rd7 26. Bf3 Rde7 27. Rfe1
Bxf3 28. Kxf3 Re4 29. g3 Nd4+ 30. Kf2 Kf7 31. Nd5 Rxe1 32. Rxe1 Rxe1 33. Kxe1
Ne6 34. Ke2 h5 35. Ke3 Ke8 36. h3 Kd7 37. g4 hxg4 38. hxg4 Ng7 39. Kf3 Ne6 40.
Kg3 c6 41. Nxb6+ Kc7 42. Na4 d5 43. cxd5 cxd5 44. f5 gxf5 45. gxf5 Ng7 46. Kf4
Kd6 47. Nb2 Kc5 48. Ke5 Kb4 49. f6 Nh5 50. f7 Kc3 51. Na4+ Kc2 52. f8=Q d4 53.
Qf5+ Kc1 54. Qxh5 d3 55. Nc3 d2 56. Qd1+ Kb2 57. Qxd2+ Ka3 58. Nb1# 1-0

[Event "Titled Tue 27th May Late"]
[Site "chess.com INT"]
[Date "2025.05.27"]
[Round "10"]
[White "Wagner, Dennis"]
[Black "Demchenko, Anton"]
[Result "1/2-1/2"]
[WhiteTitle "GM"]
[BlackTitle "GM"]
[WhiteElo "2616"]
[BlackElo "2619"]
[WhiteFideId "24650684"]
[BlackFideId "4160258"]
[EventDate "2025.05.27"]

1. c4 e5 2. Nc3 Nc6 3. Nf3 Nf6 4. g3 Bb4 5. Bg2 O-O 6. O-O d6 7. d3 h6 8. Bd2 a5
9. a3 Bc5 10. Na4 Ba7 11. b4 axb4 12. axb4 e4 13. Ne1 Re8 14. b5 Nd4 15. e3 Bg4
16. Qb1 Nf3+ 17. Nxf3 exf3 18. Bh1 Nh7 19. b6 Bxb6 20. Nxb6 Rxa1 21. Qxa1 cxb6
22. Qd4 h5 23. Rb1 Ng5 24. Bc3 Nh3+ 25. Kf1 Qg5 26. Rxb6 Ra8 27. Rxb7 Qg6 28.
Rb6 Ra2 29. Bb2 Kh7 30. Ke1 Qf6 31. Qxf6 gxf6 32. e4 Kg6 33. c5 dxc5 34. Rxf6+
Kh7 35. Rb6 f6 36. Rb7+ Kg6 37. Rb6 Kh7 38. Rb7+ Kg6 39. Rb8 Kh7 40. Rb6 Kg8 41.
Rb7 Kf8 42. Kf1 Ke8 43. Ke1 Kd8 44. Rb5 Kd7 45. Rb7+ Kc6 46. Rb8 Kc7 47. Rb3 Kc6
48. Rb8 Kd7 49. Rb7+ Kc6 50. Rb8 1/2-1/2

[Event "Titled Tue 27th May Late"]
[Site "chess.com INT"]
[Date "2025.05.27"]
[Round "10"]
[White "Gabrielian, Artur"]
[Black "Ghoreishi Amiri, Seyed Kian"]
[Result "1-0"]
[WhiteTitle "GM"]
[BlackTitle "CM"]
[WhiteElo "2419"]
[BlackElo "2215"]
[WhiteFideId "4131002"]
[BlackFideId "36757527"]
[EventDate "2025.05.27"]

1. Nf3 d5 2. g3 Nd7 3. d4 Nb6 4. Bg2 Bf5 5. Nc3 e6 6. Nh4 Bg6 7. Nxg6 hxg6 8. e4
c6 9. O-O Nf6 10. a4 a5 11. Re1 Be7 12. exd5 cxd5 13. Nb5 O-O 14. c3 Nc4 15. Qd3
Nd6 16. b3 Rc8 17. Nxd6 Bxd6 18. c4 Bb4 19. Rd1 Qe7 20. Bg5 Rfd8 21. h4 b6 22.
Rac1 dxc4 23. bxc4 e5 24. d5 Qd6 25. Rc2 Re8 26. Re2 Nd7 27. Bh3 Nc5 28. Qc2 Rb8
29. Rf1 Ra8 30. Bc1 Na6 31. Bb2 Bc5 32. Kg2 Nb4 33. Qe4 f5 34. Qb1 e4 35. Qa1
Re7 36. h5 Rae8 37. Rh1 Nd3 38. Bd4 f4 39. Rd2 gxh5 40. Bxc5 bxc5 41. Be6+ Rxe6
42. dxe6 f3+ 43. Kg1 e3 44. fxe3 Qxg3+ 45. Kf1 Rxe6 46. Qb1 Nb4 47. Qf5 Re8 48.
Qxh5 Rb8 49. Qh7+ Kf8 50. Qf5+ Ke8 51. Qe6+ Kf8 52. Rh8# 1-0